00756aas a2200205 4500952009000000999001700090001001000107003001000117005001700127008004100144022001400185040004100199041000800240245005000248300004500298520011700343650001300460773006900473942000800542 001040708HEMaFUSBCbFUSBCd2016-01-26l0o r2016-01-26 00:00:00w2016-01-26yANA c63508d63508768714001CO-MdFUSB20171026170507.0171026s2010 ck ||||| |||| 00| 0 spa d a2145-8197 aCO-MdFUSBbspacCO-MdFUSBdCO-MdFUSB aspa 0aFujimuri, 10 años en el Poderc/ El Tiempo  aNúmero 9 (2010), página 34c: 28 cm.1 aAunque derrota al grupo guerrillero Sendero Luminoso, termina en la cárcel acusado de asesinato y de secuestro14aHISTORIA0 tdk100049432959930gNúmero 9 (2010), página 34qPágina 34 cANA